Gastgeberländer der Olympischen Spiele - Sudden Death - Statistiken

Allgemein
  • Dieses Quiz wurde 95 mal gespielt
  • Das Durchschnittsergebnis liegt bei 15 aus 24
Answers on the Grid
Answers color-coded by a green-red scale on the quiz's grid according to % correct below.
Afghanistan
Ägypten
Argentinien
Australien
Bahamas
Belgien
Brasilien
Bulgarien
China
Deutschland
Finnland
Frankreich
Georgien
Griechenland
Indien
Iran
Irland
Italien
Japan
Jugoslawien
Kamerun
Kanada
Katar
Kolumbien
Kroatien
Marokko
Mexiko
Neuseeland
Niederlande
Nordkorea
Norwegen
Österreich
Panama
Portugal
Rumänien
Russland
Saudi Arabien
Schweden
Schweiz
Sowjetunion
Spanien
Südafrika
Südkorea
Tschechien
Türkei
Ukraine
Ungarn
Vereinigte Arabische Emirate
Vereinigte Staaten
Vereinigtes Königreich
 
Antwortstatistiken
Antwort % Korrekt
Deutschland
90%
Italien
87%
Frankreich
82%
Japan
80%
Kanada
78%
Griechenland
77%
China
75%
Russland
75%
Brasilien
72%
Vereinigte Staaten
72%
Australien
68%
Vereinigtes Königreich
67%
Spanien
62%
Österreich
60%
Mexiko
57%
Norwegen
55%
Schweiz
55%
Niederlande
53%
Schweden
53%
Sowjetunion
52%
Südkorea
52%
Finnland
48%
Jugoslawien
38%
Belgien
32%
Keine übereinstimmenden Quizze gefunden
Verteilung der Resultate
Anzahl Personen mit jedem Resultat
Perzentil nach korrekt beantworteten Fragen
Ihre Resultats-Entwicklung
Sie haben dieses Quiz noch nicht gespielt